Handbook of Photochemistry (Record no. 26562)

MARC details
000 -LEADER
fixed length control field 00281nam a2200109Ia 4500
082 ## - DEWEY DECIMAL CLASSIFICATION NUMBER
Classification number 541.14(035)
Item number MUR
100 ## - MAIN ENTRY--AUTHOR NAME
Personal name Murov, Steven L
245 #0 - TITLE STATEMENT
Title Handbook of Photochemistry
260 ## - PUBLICATION, DISTRIBUTION, ETC. (IMPRINT)
Place of publication New York
Name of publisher Marcel Dekker
Year of publication 1973
942 ## - ADDED ENTRY ELEMENTS (KOHA)
Koha item type Books
Holdings
Withdrawn status Lost status Damaged status Not for loan Home library Current library Date acquired Cost, normal purchase price Full call number Accession Number Koha item type
        RRII Library RRII Library 16/12/2021 28.75 541.14(035) MUR 07195 Books